00220nam a2200085Ia 4500001000800000005001700008008004100025245004200066260002600108104907320250826232306.0250824s9999 xx 000 0 und d 0aKARANFİLLİ KAHVEcİLHAMİ AKAN bÇINARALTI YAYINLARI